| 000 | 00981nam0a2200277 4500 | ||
|---|---|---|---|
| 001 | RU\NLR\bibl\1810690 | ||
| 005 | 20250616153525.0 | ||
| 010 |
_a978-5-905474-08-8 _93000 |
||
| 021 |
_aRU _b2011-63121 _94427 |
||
| 035 | _a(NLR Aleph) 001801308 | ||
| 090 |
_a1793436 _c1793436 |
||
| 100 | _a20110919d2011 |||y0rusy50 ca | ||
| 101 | 0 | _arus | |
| 102 | _aRU | ||
| 105 | _ay ||||||||| | ||
| 200 | 1 | _aТимка и Тинка на острове Минотавра: Наклейки, игры, лабиринты: Сделай сам: критская фреска | |
| 210 |
_aМосква _cПешком в историю _d2011 |
||
| 215 | _d29 | ||
| 225 | 1 | _aПешком в историю | |
| 225 | 1 | _aДревний Крит | |
| 700 | 1 |
_aШапиро _bМ. С _4070 |
|
| 801 | 0 |
_aRU _bNLR _c20110919 _gRCR |
|
| 801 | 1 |
_aRU _bNLR _c20110919 |
|
| 942 | _cBOOK | ||
| 980 | _aNB | ||